Prehĺbenie delignifikácie buničín so zelenými rozpúšťadlami využitím kyslíka ako oxidačného činidla

Na minha lista:
Detalhes bibliográficos
Autor principal: Janigová, Klára (Author)
Outros Autores: Majová, Veronika (Thesis advisor)
Formato: Manuscrito Livro
Idioma:eslovaco
Publicado em: 2025
Assuntos:
Acesso em linha:http://is.stuba.sk/zp/portal_zp.pl?podrobnosti=183376
Tags: Adicionar Tag
Sem tags, seja o primeiro a adicionar uma tag!

MARC

LEADER 00000ntm a22000003a 4500
001 stuzp105169
003 SK-STU
005 20250607211234.9
007 ta
008 150427s2015----xo-----f-mn---000-0-slo-d
040 |a STU  |b slo 
041 0 |a slo 
100 1 |a Janigová, Klára  |u 049380  |4 aut  |U FCHPT Ústav prírodných a syntetických polymérov  |T FCHPT Oddelenie dreva, celulózy a papiera  |X 110529  |U C9380  |Y 129  |7 110529 
242 0 1 |a Enhancement of pulp delignification with green solvents using oxygen as an oxidizing agent  |y eng 
245 1 0 |a Prehĺbenie delignifikácie buničín so zelenými rozpúšťadlami využitím kyslíka ako oxidačného činidla 
260 |c 2025 
650 4 |a oxygen delignification  |2 eng 
650 4 |a pulp  |2 eng 
650 4 |a choline chloride:monoethanolamine  |2 eng 
650 4 |a deep eutectic solvents  |2 eng 
650 4 |a buničina  |2 slo 
650 4 |a hlbokoeutektické rozpúšťadlá  |2 slo 
650 4 |a cholínchlorid:monoetanolamín  |2 slo 
650 4 |a kyslíková delignifikácia  |2 slo 
700 1 |a Majová, Veronika  |u 049380  |k Z2  |4 ths  |U FCHPT Ústav prírodných a syntetických polymérov  |T FCHPT Oddelenie dreva, celulózy a papiera  |X 43522  |U C9380  |Y 129  |7 A0000043522 
856 4 |u http://is.stuba.sk/zp/portal_zp.pl?podrobnosti=183376